Dessinez en Pixel Art - Statistiques

Statistiques générales
  • Ce quiz a été pris 34 fois
  • Le résultat moyen est 64 sur 937
Réponses sur la Carte
Les réponses sont colorées sur une échelle allant du rouge au vert en fonction du pourcentage des utilisateurs qui les ont devinées à leur premier essai. Vous pouvez retrouver ces pourcentages ci-dessous.
 
Statistiques - réponses
Réponse % Correct
Peindre
48%
_
26%
_
23%
_
19%
_
19%
_
16%
_
13%
_
13%
_
13%
_
13%
_
13%
_
13%
_
13%
_
13%
_
13%
_
10%
_
10%
_
10%
_
10%
_
10%
_
10%
_
10%
_
10%
_
10%
_
10%
_
10%
_
10%
_
10%
_
10%
_
10%
_
10%
_
10%
_
10%
_
10%
_
10%
_
10%
_
10%
_
10%
_
10%
_
10%
_
10%
_
10%
_
10%
_
10%
_
10%
_
10%
_
10%
_
10%
_
10%
_
10%
_
10%
_
10%
_
10%
_
10%
_
10%
_
10%
_
10%
_
10%
_
10%
_
10%
_
6%
_
6%
_
6%
_
6%
_
6%
_
6%
_
6%
_
6%
_
6%
_
6%
_
6%
_
6%
_
6%
_
6%
_
6%
_
6%
_
6%
_
6%
_
6%
_
6%
_
6%
_
6%
_
6%
_
6%
_
6%
_
6%
_
6%
_
6%
_
6%
_
6%
_
6%
_
6%
_
6%
_
6%
_
6%
_
6%
_
6%
_
6%
_
6%
_
6%
_
6%
_
6%
_
6%
_
6%
_
6%
_
6%
_
6%
_
6%
_
6%
_
6%
_
6%
_
6%
_
6%
_
6%
_
6%
_
6%
_
6%
_
6%
_
6%
_
6%
_
6%
_
6%
_
6%
_
6%
_
6%
_
6%
_
6%
_
6%
_
6%
_
6%
_
6%
_
6%
_
6%
_
6%
_
6%
_
6%
_
6%
_
6%
_
6%
_
6%
_
6%
_
6%
_
6%
_
6%
_
6%
_
6%
_
6%
_
6%
_
6%
_
6%
_
6%
_
6%
_
6%
_
6%
_
6%
_
6%
_
6%
_
6%
_
6%
_
6%
_
6%
_
6%
_
6%
_
6%
_
6%
_
6%
_
6%
_
6%
_
6%
_
6%
_
6%
_
6%
_
6%
_
6%
_
6%
_
6%
_
6%
_
6%
_
6%
_
6%
_
6%
_
6%
_
6%
_
6%
_
6%
_
6%
_
6%
_
6%
_
6%
_
6%
_
6%
_
6%
_
6%
_
6%
_
6%
_
6%
_
6%
_
6%
_
6%
_
6%
_
6%
_
6%
_
6%
_
6%
_
6%
_
6%
_
6%
_
6%
_
6%
_
6%
_
6%
_
6%
_
6%
_
6%
_
6%
_
6%
_
6%
_
6%
_
6%
_
6%
_
6%
_
6%
_
6%
_
6%
_
6%
_
6%
_
6%
_
6%
_
6%
_
6%
_
6%
_
6%
_
6%
_
6%
_
6%
_
6%
_
6%
_
6%
_
6%
_
6%
_
6%
_
6%
_
6%
_
6%
_
6%
_
6%
_
6%
_
6%
_
6%
_
6%
_
6%
_
6%
_
6%
_
6%
_
6%
_
6%
_
6%
_
6%
_
6%
_
6%
_
6%
_
6%
_
6%
_
6%
_
6%
_
6%
_
6%
_
6%
_
6%
_
6%
_
6%
_
6%
_
6%
_
6%
_
6%
_
6%
_
6%
_
6%
_
6%
_
6%
_
6%
_
6%
_
6%
_
6%
_
6%
_
6%
_
6%
_
6%
_
6%
_
6%
_
6%
_
6%
_
6%
_
6%
_
6%
_
6%
_
6%
_
6%
_
6%
_
6%
_
6%
_
6%
_
6%
_
6%
_
6%
_
6%
_
6%
_
6%
_
6%
_
6%
_
6%
_
6%
_
6%
_
6%
_
6%
_
6%
_
6%
_
6%
_
6%
_
6%
_
6%
_
6%
_
6%
_
6%
_
6%
_
6%
_
6%
_
6%
_
6%
_
6%
_
6%
_
6%
_
6%
_
6%
_
6%
_
6%
_
6%
_
6%
_
6%
_
6%
_
6%
_
6%
_
6%
_
6%
_
6%
_
6%
_
6%
_
6%
_
6%
_
6%
_
6%
_
6%
_
6%
_
6%
_
6%
_
6%
_
6%
_
6%
_
6%
_
6%
_
6%
_
6%
_
6%
_
6%
_
6%
_
6%
_
6%
_
6%
_
6%
_
6%
_
6%
_
6%
_
6%
_
6%
_
6%
_
6%
_
6%
_
6%
_
6%
_
6%
_
6%
_
6%
_
6%
_
6%
_
6%
_
6%
_
6%
_
6%
_
6%
_
6%
_
6%
_
6%
_
6%
_
6%
_
6%
_
6%
_
6%
_
6%
_
6%
_
6%
_
6%
_
6%
_
6%
_
6%
_
6%
_
6%
_
6%
_
6%
_
6%
_
6%
_
6%
_
6%
_
6%
_
6%
_
6%
_
6%
_
6%
_
6%
_
6%
_
6%
_
6%
_
6%
_
6%
_
6%
_
6%
_
6%
_
6%
_
6%
_
6%
_
6%
_
6%
_
6%
_
6%
_
6%
_
6%
_
6%
_
6%
_
6%
_
6%
_
6%
_
6%
_
6%
_
6%
_
6%
_
6%
_
6%
_
6%
_
6%
_
6%
_
6%
_
6%
_
6%
_
6%
_
6%
_
6%
_
6%
_
6%
_
6%
_
6%
_
6%
_
6%
_
6%
_
6%
_
6%
_
6%
_
6%
_
6%
_
6%
_
6%
_
6%
_
6%
_
6%
_
6%
_
6%
_
6%
_
6%
_
6%
_
6%
_
6%
_
6%
_
6%
_
6%
_
6%
_
6%
_
6%
_
6%
_
6%
_
6%
_
6%
_
6%
_
6%
_
6%
_
6%
_
6%
_
6%
_
6%
_
6%
_
6%
_
6%
_
6%
_
6%
_
6%
_
6%
_
6%
_
6%
_
6%
_
6%
_
6%
_
6%
_
6%
_
6%
_
6%
_
6%
_
6%
_
6%
_
6%
_
6%
_
6%
_
6%
_
6%
_
6%
_
6%
_
6%
_
6%
_
6%
_
6%
_
6%
_
6%
_
6%
_
6%
_
6%
_
6%
_
6%
_
6%
_
6%
_
6%
_
6%
_
6%
_
6%
_
6%
_
6%
_
6%
_
6%
_
6%
_
6%
_
6%
_
6%
_
6%
_
6%
_
6%
_
6%
_
6%
_
6%
_
6%
_
6%
_
6%
_
6%
_
6%
_
6%
_
6%
_
6%
_
6%
_
6%
_
6%
_
6%
_
6%
_
6%
_
6%
_
6%
_
6%
_
6%
_
6%
_
6%
_
6%
_
6%
_
6%
_
6%
_
6%
_
6%
_
6%
_
6%
_
6%
_
6%
_
6%
_
6%
_
6%
_
6%
_
6%
_
6%
_
6%
_
6%
_
6%
_
6%
_
6%
_
6%
_
6%
_
6%
_
6%
_
6%
_
6%
_
6%
_
6%
_
6%
_
6%
_
6%
_
6%
_
6%
_
6%
_
6%
_
6%
_
6%
_
6%
_
6%
_
6%
_
6%
_
6%
_
6%
_
6%
_
6%
_
6%
_
6%
_
6%
_
6%
_
6%
_
6%
_
6%
_
6%
_
6%
_
6%
_
6%
_
6%
_
6%
_
6%
_
6%
_
6%
_
6%
_
6%
_
6%
_
6%
_
6%
_
6%
_
6%
_
6%
_
6%
_
6%
_
6%
_
6%
_
6%
_
6%
_
6%
_
6%
_
6%
_
6%
_
6%
_
6%
_
6%
_
6%
_
6%
_
6%
_
6%
_
6%
_
6%
_
6%
_
6%
_
6%
_
6%
_
6%
_
6%
_
6%
_
6%
_
6%
_
6%
_
6%
_
6%
_
6%
_
6%
_
6%
_
6%
_
6%
_
6%
_
6%
_
6%
_
6%
_
6%
_
6%
_
6%
_
6%
_
6%
_
6%
_
6%
_
6%
_
6%
_
6%
_
6%
_
6%
_
6%
_
6%
_
6%
_
6%
_
6%
_
6%
_
6%
_
6%
_
6%
_
6%
_
6%
_
6%
_
6%
_
6%
_
6%
_
6%
_
6%
_
6%
_
6%
_
6%
_
6%
_
6%
_
6%
_
6%
_
6%
_
6%
_
6%
_
6%
_
6%
_
6%
_
6%
_
6%
_
6%
_
6%
_
6%
_
6%
_
6%
_
6%
_
6%
_
6%
_
6%
_
6%
_
6%
_
6%
_
6%
_
6%
_
6%
_
6%
_
6%
_
6%
_
6%
_
6%
_
6%
_
6%
_
6%
_
6%
_
6%
_
6%
_
6%
_
6%
_
6%
_
6%
_
6%
_
6%
_
6%
_
6%
_
6%
_
6%
_
6%
_
6%
_
6%
_
6%
_
6%
_
6%
_
6%
_
6%
_
6%
_
6%
_
6%
_
6%
_
6%
_
6%
_
6%
_
6%
_
6%
_
6%
_
6%
_
6%
_
6%
_
6%
_
6%
_
6%
_
6%
_
6%
_
6%
_
6%
_
6%
_
6%
_
6%
_
6%
_
6%
_
6%
_
6%
_
6%
_
6%
_
6%
_
6%
_
6%
_
6%
_
6%
_
6%
_
6%
_
6%
_
6%
_
6%
_
6%
_
6%
_
6%
_
6%
_
6%
_
6%
_
6%
_
6%
_
6%
_
6%
_
6%
_
6%
_
6%
_
6%
_
6%
_
6%
_
6%
_
6%
_
6%
_
6%
_
6%
_
6%
_
6%
_
6%
_
6%
_
6%
_
6%
_
6%
_
6%
_
6%
_
6%
_
6%
_
6%
_
6%
_
6%
_
6%
_
6%
_
6%
_
6%
_
6%
_
6%
_
6%
_
6%
_
6%
_
6%
_
6%
_
6%
_
6%
_
6%
_
6%
_
6%
_
6%
_
6%
_
6%
_
6%
_
6%
_
6%
_
6%
_
6%
_
6%
_
6%
_
6%
_
6%
_
6%
_
6%
_
6%
_
6%
_
6%
_
6%
_
6%
_
6%
_
6%
_
6%
_
6%
_
6%
_
6%
_
6%
_
6%
_
6%
_
6%
_
6%
_
6%
_
6%
_
6%
_
6%
_
6%
_
6%
_
6%
_
6%
_
6%
_
6%
_
6%
_
6%
_
6%
_
6%
_
6%
_
6%
_
6%
_
6%
_
6%
_
6%
_
6%
_
6%
_
6%
_
6%
_
6%
_
6%
_
6%
_
6%
_
6%
_
6%
_
6%
_
6%
_
6%
_
6%
_
6%
_
6%
_
6%
_
6%
_
6%
_
6%
_
6%
_
6%
_
6%
_
6%
_
6%
_
6%
Aucun quiz correspondant
Distribution des résultats
% des personnes avec chaque résultat
Percentile par nombre de réponses
Votre historique - résultats
Vous n’avez pas pris ce quiz